000 01096nam a22002777a 4500
001 BD-DhSAU 9278
003 BD-DhSAU
005 20260209115228.0
008 150613b2018 bg a|||| m||| 00| 0 eng d
040 _aBD-DhSAU
082 _222
_a658.8
_bJ261
100 _aRAHA, JANNATUL ILLEIN
_eRegistration # 22010113
245 _aPerceptions of online food shopping among youths: evidence from dhaka city in bangladesh /
_bMS thesis
260 _aSher-e-Bangla Agricultural University :
_bDepartment of Agribusiness and marketing,
_c2024.
300 _avii, 59p. :
_bill. ;
_c30 cm.
500 _aMS thesis of Department of Agribusiness and marketing, Faculty of Agribusiness , Sher-e-Bangla Agricultural University, Dhaka, Bangladesh
504 _aIncludes bibliographical reference.
590 _aNazmul
650 _aonline food shopping
650 _aamong youths: evidence
651 _adhaka city
700 _aAssist. Prof. Md. Rashidul Hasan
_eSuperviser
700 _aAssoci. Prof. Dr. Md. Ghulam Rabbany
_eCo-superviser
942 _2ddc
_cTHESIS
999 _c18283
_d18282